Online
Catalog

Verdad y leyenda de Tina Modotti / (Record no. 17551)

MARC details
000 -CABECERA
campo de control de longitud fija 01098cam a2200289 a 4500
001 - NÚMERO DE CONTROL
campo de control 000018029
005 - FECHA Y HORA DE LA ÚLTIMA TRANSACCIÓN
campo de control 20200929165325.0
008 - DATOS DE LONGITUD FIJA--INFORMACIÓN GENERAL
campo de control de longitud fija 910725s1989 cu a b 001 0bspa
035 ## - NÚMERO DE CONTROL DEL SISTEMA
Número de control de sistema (DLC) 91176609
040 ## - FUENTE DE LA CATALOGACIÓN
Centro catalogador/agencia de origen DO-SdBNP
Lengua de catalogación spa
Centro/agencia transcriptor DLC
Centro/agencia modificador DLC
-- BNPHU
082 ## - NÚMERO DE LA CLASIFICACIÓN DECIMAL DEWEY
Número de clasificación 834.914
Número de documento/Ítem B243v
049 ## - FONDOS LOCALES (OCLC)
Fondos de biblioteca BNGR
100 1# - ENTRADA PRINCIPAL--NOMBRE DE PERSONA
Nombre de persona Barckhausen, Christiane,
Fechas asociadas al nombre 1942-
9 (RLIN) 39089
245 10 - MENCIÓN DE TÍTULO
Título Verdad y leyenda de Tina Modotti /
Mención de responsabilidad, etc. Christiane Barckhausen-Canale ; edición César Ramos.
260 ## - PUBLICACIÓN, DISTRIBUCIÓN, ETC.
Lugar de publicación, distribución, etc. La Habana :
Nombre del editor, distribuidor, etc. Casa de las Américas,
Fecha de publicación, distribución, etc. c1989.
300 ## - DESCRIPCIÓN FÍSICA
Extensión 349 p. :
Otras características físicas il. ;
Dimensiones 23 cm.
490 1# - MENCIÓN DE SERIE
Mención de serie Ensayo
504 ## - NOTA DE BIBLIOGRAFÍA, ETC.
Nota de bibliografía, etc. "Fotografías y escritos de Tina Modotti publicados en vida": p. 330-332.
504 ## - NOTA DE BIBLIOGRAFÍA, ETC.
Nota de bibliografía, etc. Incluye referencias bibliográficas (p. 333-336) e índice de nombres.
586 ## - NOTA DE PREMIOS
Nota de premios Premio Casa de las Américas 1988.
600 10 - PUNTO DE ACCESO ADICIONAL DE MATERIA--NOMBRE DE PERSONA
Nombre de persona MODOTTI, TINA,
Fechas asociadas al nombre 1896-1942.
Subdivisión general BIOGRAFÍA
9 (RLIN) 39090
650 #4 - PUNTO DE ACCESO ADICIONAL DE MATERIA--TÉRMINO DE MATERIA
Término de materia o nombre geográfico como elemento de entrada Ensayos alemanes
9 (RLIN) 39091
650 #4 - PUNTO DE ACCESO ADICIONAL DE MATERIA--TÉRMINO DE MATERIA
Término de materia o nombre geográfico como elemento de entrada Literatura alemana
Subdivisión cronológica SIGLO XX
9 (RLIN) 12939
700 1# - PUNTO DE ACCESO ADICIONAL--NOMBRE DE PERSONA
Nombre de persona Ramos, César,
Término indicativo de función/relación ed.
9 (RLIN) 13341
830 #0 - PUNTO DE ACCESO ADICIONAL DE SERIE-TÍTULO UNIFORME
Título uniforme Ensayo (Casa de las Américas)
9 (RLIN) 39092
910 ## - DATOS DE OPCIÓN DEL USUARIO (OCLC)
Datos de opción del usuario Catalogación por copia / LC
Holdings
Estado de retiro Estado de pérdida Restricciones de uso No para préstamo Código de colección Localización permanente Ubicación/localización actual Ubicación en estantería Fecha de adquisición Número de inventario Total de préstamos Signatura topográfica completa Código de barras Fecha visto por última vez Precio válido a partir de Tipo de ítem Koha Número de copia
        Monografías: Libros y Folletos General General En catalogación 09.04.2010 LF1   834.914 B243v 18029-10 25.06.2020 25.06.2020 Préstamo en sala  
      Préstamo restrigido Monografías: Libros y Folletos General General En catalogación 14.04.2010 LF1   834.914 B243v 18029-20 25.06.2020 25.06.2020 Préstamo en sala e.2

Powered by Koha